| 000 | 00617nam a2200205 i 4500 | ||
|---|---|---|---|
| 001 | 29257 | ||
| 003 | ES-MaACL | ||
| 005 | 20250824230741.0 | ||
| 007 | t| | ||
| 008 | 030121s1964 sp ||||1| spa d | ||
| 100 | 1 |
_aBargellini, Piero. _925635 |
|
| 245 | 1 | 4 |
_aLos santos también son hombres / _cPiero Bargellini ; [traducción de Luis Horno Liria]. |
| 260 |
_aMadrid : _bRialp, _c1964. |
||
| 300 |
_a424 p. ; _c17 cm. |
||
| 490 | 1 |
_aPatmos ; _v116 |
|
| 700 | 1 |
_aHorno Liria, Luis. _964232 |
|
| 830 | 0 | 0 |
_aPatmos (Rialp) _v116 _9181154 |
| 852 |
_aES-MaACL _jC-32682 _bR.63528 |
||
| 999 |
_c29257 _d29257 |
||